Kandidátov s "čistým svedomím" zatiaľ niet atletický halový míting Elán mal svoju úroveň, no vyvstali ním i dva háčiky

Podrobná bibliografia
Médium: Článok
Jazyk:slovenčina
Fyzický popis:Tab.
ISSN:0139-7001
Predmet:

MARC

LEADER 00000nab a2200000 a 4500
001 vtls001492615
003 SK-MaSNL
005 20260303185658.0
008 050207c20050201xo dr|p|||||||000 b|slo
015 |a SNBRB2005/02  |2 snkbucl 
038 |a SNKBUCL 
040 |a SNKBUCL  |b slo  |c SNKBUCL  |e AACR2 
041 0 |a slo 
044 |a xo  |c SK 
080 |a 796.42.093.1  |2 UDC-MRF-SK2 
245 0 0 |a Kandidátov s "čistým svedomím" zatiaľ niet  |b atletický halový míting Elán mal svoju úroveň, no vyvstali ním i dva háčiky 
300 |b Tab. 
611 2 7 |a Medzinárodný atletický míting  |d 2005  |c Bratislava, Slovensko  |2 snkbucl  |9 1217211 
650 0 7 |a atletika   |2 snkbucl  |9 3279 
773 0 |t Šport  |g Roč. 59, č. 25 (1.2.2005), s. 25  |x 0139-7001 
852 |a SNK  |b KIS3GCP 
999 |c 2132413  |d 2134343